<?xml version="1.0" encoding="UTF-8"?>
<marc:record xmlns:marc="http://www.loc.gov/MARC21/slim" type="Bibliographic">
   <marc:leader>00000nam a2200000 c 4500</marc:leader>
   <marc:controlfield tag="001">871052741</marc:controlfield>
   <marc:controlfield tag="003">DE-101</marc:controlfield>
   <marc:controlfield tag="005">20230819194510.0</marc:controlfield>
   <marc:controlfield tag="007">tu</marc:controlfield>
   <marc:controlfield tag="008">870901s1986    gw ||||| |||| 00||||ger  </marc:controlfield>
   <marc:datafield ind1=" " ind2=" " tag="015">
      <marc:subfield code="a">87,B38,0283</marc:subfield>
      <marc:subfield code="2">dnb</marc:subfield>
   </marc:datafield>
   <marc:datafield ind1="7" ind2=" " tag="016">
      <marc:subfield code="2">DE-101</marc:subfield>
      <marc:subfield code="a">871052741</marc:subfield>
   </marc:datafield>
   <marc:datafield ind1=" " ind2=" " tag="020">
      <marc:subfield code="a">9783923010028</marc:subfield>
      <marc:subfield code="c">kart. : DM 36.00</marc:subfield>
      <marc:subfield code="9">978-3-923010-02-8</marc:subfield>
   </marc:datafield>
   <marc:datafield ind1=" " ind2=" " tag="020">
      <marc:subfield code="a">3923010028</marc:subfield>
      <marc:subfield code="c">kart. : DM 36.00</marc:subfield>
      <marc:subfield code="9">3-923010-02-8</marc:subfield>
   </marc:datafield>
   <marc:datafield ind1=" " ind2=" " tag="035">
      <marc:subfield code="a">(DE-599)DNB871052741</marc:subfield>
   </marc:datafield>
   <marc:datafield ind1=" " ind2=" " tag="035">
      <marc:subfield code="a">(OCoLC)243701513</marc:subfield>
   </marc:datafield>
   <marc:datafield ind1=" " ind2=" " tag="040">
      <marc:subfield code="a">1200</marc:subfield>
      <marc:subfield code="b">ger</marc:subfield>
      <marc:subfield code="c">DE-101</marc:subfield>
      <marc:subfield code="d">9999</marc:subfield>
   </marc:datafield>
   <marc:datafield ind1=" " ind2=" " tag="041">
      <marc:subfield code="a">ger</marc:subfield>
   </marc:datafield>
   <marc:datafield ind1=" " ind2=" " tag="044">
      <marc:subfield code="c">XA-DE</marc:subfield>
   </marc:datafield>
   <marc:datafield ind1=" " ind2=" " tag="084">
      <marc:subfield code="a">32</marc:subfield>
      <marc:subfield code="a">570</marc:subfield>
      <marc:subfield code="a">580</marc:subfield>
      <marc:subfield code="a">590</marc:subfield>
      <marc:subfield code="q">DE-101</marc:subfield>
      <marc:subfield code="2">sdnb</marc:subfield>
   </marc:datafield>
   <marc:datafield ind1="1" ind2=" " tag="100">
      <marc:subfield code="0">(DE-588)124775136</marc:subfield>
      <marc:subfield code="0">https://d-nb.info/gnd/124775136</marc:subfield>
      <marc:subfield code="0">(DE-101)124775136</marc:subfield>
      <marc:subfield code="a">Sauer, Frieder</marc:subfield>
      <marc:subfield code="d">1934-2000</marc:subfield>
      <marc:subfield code="e">Verfasser</marc:subfield>
      <marc:subfield code="4">aut</marc:subfield>
      <marc:subfield code="2">gnd</marc:subfield>
   </marc:datafield>
   <marc:datafield ind1="1" ind2="0" tag="245">
      <marc:subfield code="a">Heimische Nachtfalter</marc:subfield>
      <marc:subfield code="b">nach Farbfotos erkannt ; 570 Arten</marc:subfield>
      <marc:subfield code="c">Frieder Sauer</marc:subfield>
   </marc:datafield>
   <marc:datafield ind1=" " ind2=" " tag="250">
      <marc:subfield code="a">2., überarb. Aufl.</marc:subfield>
   </marc:datafield>
   <marc:datafield ind1=" " ind2=" " tag="259">
      <marc:subfield code="a">12</marc:subfield>
   </marc:datafield>
   <marc:datafield ind1=" " ind2="1" tag="264">
      <marc:subfield code="a">Karlsfeld</marc:subfield>
      <marc:subfield code="b">Fauna-Verl. Sauer</marc:subfield>
      <marc:subfield code="c">1986</marc:subfield>
   </marc:datafield>
   <marc:datafield ind1=" " ind2=" " tag="300">
      <marc:subfield code="a">10 S., Bl. 11 - 153 [zweiseitig bedr.]</marc:subfield>
      <marc:subfield code="b">576 Ill. (farb.)</marc:subfield>
      <marc:subfield code="c">20 cm</marc:subfield>
   </marc:datafield>
   <marc:datafield ind1=" " ind2=" " tag="336">
      <marc:subfield code="a">Text</marc:subfield>
      <marc:subfield code="b">txt</marc:subfield>
      <marc:subfield code="2">rdacontent</marc:subfield>
   </marc:datafield>
   <marc:datafield ind1=" " ind2=" " tag="337">
      <marc:subfield code="a">ohne Hilfsmittel zu benutzen</marc:subfield>
      <marc:subfield code="b">n</marc:subfield>
      <marc:subfield code="2">rdamedia</marc:subfield>
   </marc:datafield>
   <marc:datafield ind1=" " ind2=" " tag="338">
      <marc:subfield code="a">Band</marc:subfield>
      <marc:subfield code="b">nc</marc:subfield>
      <marc:subfield code="2">rdacarrier</marc:subfield>
   </marc:datafield>
   <marc:datafield ind1=" " ind2=" " tag="366">
      <marc:subfield code="c">IP 20221008</marc:subfield>
      <marc:subfield code="2">onixas</marc:subfield>
   </marc:datafield>
   <marc:datafield ind1="0" ind2=" " tag="490">
      <marc:subfield code="a">Sauers Naturführer</marc:subfield>
   </marc:datafield>
   <marc:datafield ind1=" " ind2="7" tag="650">
      <marc:subfield code="a">Mitteleuropa</marc:subfield>
      <marc:subfield code="x">Pflanzenwelt, Tierwelt</marc:subfield>
      <marc:subfield code="2">local</marc:subfield>
   </marc:datafield>
   <marc:datafield ind1=" " ind2="7" tag="650">
      <marc:subfield code="a">Nachtfalter</marc:subfield>
      <marc:subfield code="2">local</marc:subfield>
   </marc:datafield>
   <marc:datafield ind1=" " ind2="7" tag="650">
      <marc:subfield code="8">2\p</marc:subfield>
      <marc:subfield code="0">(DE-588)4171063-0</marc:subfield>
      <marc:subfield code="0">https://d-nb.info/gnd/4171063-0</marc:subfield>
      <marc:subfield code="0">(DE-101)041710630</marc:subfield>
      <marc:subfield code="a">Nachtschmetterlinge</marc:subfield>
      <marc:subfield code="2">gnd</marc:subfield>
   </marc:datafield>
   <marc:datafield ind1=" " ind2="7" tag="651">
      <marc:subfield code="8">1\p</marc:subfield>
      <marc:subfield code="0">(DE-588)4039677-0</marc:subfield>
      <marc:subfield code="0">https://d-nb.info/gnd/4039677-0</marc:subfield>
      <marc:subfield code="0">(DE-101)040396770</marc:subfield>
      <marc:subfield code="a">Mitteleuropa</marc:subfield>
      <marc:subfield code="2">gnd</marc:subfield>
   </marc:datafield>
   <marc:datafield ind1=" " ind2=" " tag="850">
      <marc:subfield code="a">DE-101a</marc:subfield>
      <marc:subfield code="a">DE-101b</marc:subfield>
   </marc:datafield>
   <marc:datafield ind1="1" ind2=" " tag="883">
      <marc:subfield code="8">1\p</marc:subfield>
      <marc:subfield code="a">kasw</marc:subfield>
      <marc:subfield code="c">1,000</marc:subfield>
      <marc:subfield code="d">20230819</marc:subfield>
      <marc:subfield code="q">DE-101</marc:subfield>
      <marc:subfield code="u">https://d-nb.info/provenance/plan#kasw</marc:subfield>
   </marc:datafield>
   <marc:datafield ind1="1" ind2=" " tag="883">
      <marc:subfield code="8">2\p</marc:subfield>
      <marc:subfield code="a">kasw</marc:subfield>
      <marc:subfield code="c">1,000</marc:subfield>
      <marc:subfield code="d">20230819</marc:subfield>
      <marc:subfield code="q">DE-101</marc:subfield>
      <marc:subfield code="u">https://d-nb.info/provenance/plan#kasw</marc:subfield>
   </marc:datafield>
</marc:record>
